00891 a2200205 4500003000500000005001700005040000900022082001600031100004400047245013000091260003900221300001300260505015600273650002300429651002000452700005300472942001200525999001900537952012900556NUST20251118180528.0 cNust a621.382,SHA aShams, GC Haider Ali ( TCC-15B)9131937 aVirtual reality environment /cGC Haider Ali Shams, GC Danish Gul Khattak, GC Khalil Ahmed Khan and Lt Cdr Ehtesham Khatak  aRawalpindibMCS (NUST)cApril 2007 ax 73 p.; aIntroduction (Page-1), OUR Project (Page-15), Implementation (Page-35), Applications (Page-54), Further Enhancements (Page-69), Bibliography (Page-73). aUG Projects998716 aTCC-15B9131923 aSupervised by Lt Col (R) Muhammad Saleem9131907 cPR2ddc c188644d188644 00102ddc4070aMCSbMCScREFd2016-12-12o621.382, SHApMCSPTC-91r2016-12-08w2016-12-12yPRzAlmirah No. 94, Shelf No. 2